[Event "Saarland-ch B"]
[Site "Schiffweiler"]
[Date "2009.04.10"]
[Round "8"]
[White "Wilhelm, Robin"]
[Black "Pecka, Sebastian"]
[Result "1/2-1/2"]
[WhiteElo "1651"]
[BlackElo "1535"]
[PlyCount "51"]
[EventDate "2009.04.03"]
[EventType "swiss"]
[EventRounds "9"]
[EventCountry "GER"]
[SourceTitle "EXT 2012"]
[Source "ChessBase"]
[SourceDate "2011.11.24"]
[SourceVersion "1"]
[SourceVersionDate "2011.11.24"]
[SourceQuality "1"]

1. e4 c5 2. Nf3 Nc6 3. d4 cxd4 4. Nxd4 e6 5. c4 Bc5 6. Be3 Bb4+ 7. Nd2 Nf6 8. Bd3 Ne5 9. Qc2 b6 10. a3 Bxd2+ 11. Bxd2 Bb7 12. f3 d5 13. cxd5 Nxd3+ 14. Qxd3 exd5 15. Qb5+ Qd7 16. Qxd7+ Kxd7 17. exd5 Nxd5 18. 0-0 Rhe8 19. Rfe1 Rxe1+ 20. Rxe1 Re8 21. Rxe8 Kxe8 22. Nf5 Kf8 23. Ne3 Nxe3 24. Bxe3 Ke7 25. Kf2 Ke6 26. Bd4 1/2-1/2

[Event "Saarland-ch B"]
[Site "Schiffweiler"]
[Date "2009.04.05"]
[Round "3"]
[White "Wilhelm, Robin"]
[Black "Steffen, Maximilian"]
[Result "1/2-1/2"]
[WhiteElo "1651"]
[BlackElo "1633"]
[PlyCount "59"]
[EventDate "2009.04.03"]
[EventType "swiss"]
[EventRounds "9"]
[EventCountry "GER"]
[SourceTitle "EXT 2012"]
[Source "ChessBase"]
[SourceDate "2011.11.24"]
[SourceVersion "1"]
[SourceVersionDate "2011.11.24"]
[SourceQuality "1"]

1. e4 e6 2. d4 d5 3. exd5 exd5 4. Nf3 Bd6 5. Be3 Nf6 6. Nbd2 0-0 7. Bd3 Ng4 8. 0-0 Nxe3 9. fxe3 Bg4 10. e4 dxe4 11. Bxe4 Nc6 12. c3 Bh5 13. Qc2 Bg6 14. Bxg6 hxg6 15. Nc4 Re8 16. Qb3 b6 17. Nce5 Nxe5 18. Nxe5 Bxe5 19. dxe5 Re6 20. Rf3 Qe7 21. Raf1 Rf8 22. Qd5 Rxe5 23. Rxf7 Rxf7 24. Rxf7 Re1+ 25. Rf1+ Kh7 26. Qf3 Qc5+ 27. Qf2 Rxf1+ 28. Kxf1 Qb5+ 29. Kg1 Qc4 30. a3 1/2-1/2

[Event "Saarland-ch B"]
[Site "Schiffweiler"]
[Date "2009.04.04"]
[Round "2"]
[White "Holle, Eric"]
[Black "Wilhelm, Robin"]
[Result "0-1"]
[WhiteElo "1765"]
[BlackElo "1651"]
[PlyCount "71"]
[EventDate "2009.04.03"]
[EventType "swiss"]
[EventRounds "9"]
[EventCountry "GER"]
[SourceTitle "EXT 2012"]
[Source "ChessBase"]
[SourceDate "2011.11.24"]
[SourceVersion "1"]
[SourceVersionDate "2011.11.24"]
[SourceQuality "1"]

1. e4 e6 2. f4 Nc6 3. Nf3 d5 4. e5 f6 5. Nc3 d4 6. Ne2 h6 7. c3 dxc3 8. bxc3 g5 9. exf6 Qxf6 10. fxg5 hxg5 11. d4 Bh6 12. Ng3 g4 13. Ne4 Qg7 14. Nfg5 Bxg5 15. Bxg5 g3 16. Be2 Nce7 17. Bh5+ Kd8 18. d5 exd5 19. Qxd5+ Bd7 20. Bg4 Nf6 21. Bxf6 Qxg4 22. Qxb7 Rc8 23. Bxh8 Bc6 24. Rd1+ Qxd1+ 25. Kxd1 Bxb7 26. Nxg3 Bxg2 27. Re1 Kd7 28. Bd4 Nc6 29. Bf6 Rb8 30. Kc1 Bd5 31. Re2 Bc4 32. Rb2 Rf8 33. Bg5 Rf3 34. Rd2+ Kc8 35. Ne4 Ne5 36. Rf2 0-1

[Event "Saarland-ch B"]
[Site "Eppelborn"]
[Date "2008.03.26"]
[Round "6"]
[White "Reinstaedler, Gerold"]
[Black "Wilhelm, Robin"]
[Result "0-1"]
[WhiteElo "1612"]
[BlackElo "1651"]
[PlyCount "102"]
[EventDate "2008.03.14"]
[EventType "swiss"]
[EventRounds "7"]
[EventCountry "GER"]
[SourceTitle "EXT 2010"]
[Source "ChessBase"]
[SourceDate "2010.11.25"]
[SourceVersion "1"]
[SourceVersionDate "2010.11.25"]
[SourceQuality "1"]

1. e4 c5 2. Nf3 Nc6 3. d4 cxd4 4. Nxd4 g6 5. Be3 Bg7 6. Nc3 Nf6 7. Nxc6 bxc6 8. e5 Ng8 9. f4 d6 10. Ne4 Bf5 11. Ng3 dxe5 12. Qxd8+ Rxd8 13. Nxf5 gxf5 14. c3 Rb8 15. 0-0-0 Rb7 16. Ba6 Rc7 17. Rd2 Nf6 18. fxe5 Ne4 19. Bf4 Nxd2 20. e6 fxe6 21. Bxc7 Bh6 22. Kc2 Rg8 23. g3 Kd7 24. Be5 Rg4 25. Rd1 Ra4 26. Bf1 Kc8 27. Rxd2 Bxd2 28. Kxd2 Rxa2 29. Kc2 Ra5 30. Bf4 e5 31. Bc1 Kd7 32. Bc4 e6 33. b4 Ra1 34. Kb2 Ra4 35. Be3 Ke7 36. Bb3 Ra6 37. c4 Kf6 38. Bc5 f4 39. gxf4 exf4 40. b5 cxb5 41. cxb5 Ra5 42. Bc4 e5 43. Ba3 f3 44. Kb3 Rxa3+ 45. Kxa3 e4 46. Kb4 e3 47. Kc3 e2 48. Kd2 Ke5 49. Ke1 Kd4 50. b6 axb6 51. Ba6 Ke3 0-1

[Event "Saarland-ch B"]
[Site "Eppelborn"]
[Date "2008.03.26"]
[Round "7"]
[White "Wilhelm, Robin"]
[Black "Kaum, Roland"]
[Result "1/2-1/2"]
[WhiteElo "1651"]
[BlackElo "1448"]
[PlyCount "151"]
[EventDate "2008.03.14"]
[EventType "swiss"]
[EventRounds "7"]
[EventCountry "GER"]
[SourceTitle "EXT 2010"]
[Source "ChessBase"]
[SourceDate "2010.11.25"]
[SourceVersion "1"]
[SourceVersionDate "2010.11.25"]
[SourceQuality "1"]

1. e4 e6 2. d4 d5 3. exd5 exd5 4. Nf3 Bd6 5. Nc3 c6 6. Bd3 Nf6 7. Bg5 Bg4 8. Qe2+ Qe7 9. Bxf6 gxf6 10. 0-0-0 Qxe2 11. Bxe2 Nd7 12. Rde1 0-0-0 13. Nd2 Be6 14. g3 b5 15. Nb3 Bb4 16. a3 Bxc3 17. bxc3 Kc7 18. Kb2 Kb6 19. Ra1 a5 20. a4 Ra8 21. Ra2 bxa4 22. Rxa4 Ra7 23. Rha1 Rha8 24. g4 c5 25. f4 f5 26. gxf5 Bxf5 27. c4 Be4 28. Bg4 f5 29. dxc5+ Nxc5 30. Nxc5 Kxc5 31. cxd5 Kxd5 32. Rd1+ Kc5 33. Be2 Rb8+ 34. Kc3 Rb4 35. Rxb4 axb4+ 36. Kb2 Bd5 37. Rd3 Ra2+ 38. Kc1 Ra3 39. Kb2 Rxd3 40. Bxd3 Be6 41. c3 Bd7 42. Kb3 Be6+ 43. c4 Bd7 44. Bf1 Be6 45. Bd3 Bd7 46. Bf1 Bc6 47. Bd3 Be4 48. Bxe4 fxe4 49. f5 e3 50. f6 Kd6 51. c5+ Ke6 52. c6 e2 53. c7 Kxf6 54. c8Q e1Q 55. Qf8+ Kg6 56. Qg8+ Kh6 57. Qf8+ Kg5 58. Qg7+ Kf4 59. Qh6+ Kf3 60. Qh3+ Ke2 61. Qg4+ Kf1 62. Qc4+ Kg2 63. Qg8+ Kh1 64. Qxh7 Qc3+ 65. Ka2 Qa3+ 66. Kb1 b3 67. Qe4+ Kxh2 68. Qe5+ Kh3 69. Qa1 Qb4 70. Kb2 Qd4+ 71. Kb1 Qc4 72. Kb2 Qd4+ 73. Kb1 Qc4 74. Kb2 Kg2 75. Qc1 Qa4 76. Qd2+ 1/2-1/2

[Event "Saarland-ch B"]
[Site "Eppelborn"]
[Date "2008.03.26"]
[Round "3"]
[White "Wilhelm, Robin"]
[Black "Marburger, Martin"]
[Result "0-1"]
[WhiteElo "1651"]
[BlackElo "1423"]
[PlyCount "72"]
[EventDate "2008.03.14"]
[EventType "swiss"]
[EventRounds "7"]
[EventCountry "GER"]
[SourceTitle "EXT 2010"]
[Source "ChessBase"]
[SourceDate "2010.11.25"]
[SourceVersion "1"]
[SourceVersionDate "2010.11.25"]
[SourceQuality "1"]

1. e4 c5 2. Nf3 Nc6 3. d4 cxd4 4. Nxd4 Nf6 5. Nc3 e5 6. Nb3 Be7 7. Bc4 0-0 8. Be3 a6 9. a4 Bb4 10. Qd3 Bxc3+ 11. bxc3 Ne7 12. Bc5 b6 13. Bb4 Bb7 14. f3 Re8 15. Bxe7 Qxe7 16. 0-0 Red8 17. Bd5 Nxd5 18. exd5 d6 19. c4 Qd7 20. f4 Rac8 21. Rf3 Re8 22. Nd2 f5 23. fxe5 Rxe5 24. Rf4 Rce8 25. Raf1 g6 26. Qb3 Re2 27. Nf3 Qc7 28. Ng5 Bc8 29. h4 Qc5+ 30. Kh1 h6 31. Nf3 Rf2 32. Rb1 g5 33. hxg5 hxg5 34. Nxg5 Rxf4 35. Qg3 Qf2 36. Qh3 Rh4 0-1

[Event "Saarland-ch B"]
[Site "Eppelborn"]
[Date "2008.03.14"]
[Round "1"]
[White "Wilhelm, Robin"]
[Black "Hoefer, Michael"]
[Result "0-1"]
[WhiteElo "1651"]
[BlackElo "1433"]
[PlyCount "44"]
[EventDate "2008.03.14"]
[EventType "swiss"]
[EventRounds "7"]
[EventCountry "GER"]
[SourceTitle "EXT 2010"]
[Source "ChessBase"]
[SourceDate "2010.11.25"]
[SourceVersion "1"]
[SourceVersionDate "2010.11.25"]
[SourceQuality "1"]

1. e4 c5 2. Nf3 Nc6 3. d4 cxd4 4. Nxd4 e5 5. Nxc6 bxc6 6. Bc4 Nf6 7. Nc3 Be7 8. Be3 0-0 9. h3 Bb7 10. 0-0 d5 11. exd5 cxd5 12. Qf3 e4 13. Qg3 Bd6 14. Qg5 h6 15. Qh4 dxc4 16. Rad1 Qe7 17. Rd2 Kh7 18. Rfd1 Be5 19. Nd5 Bxd5 20. Rxd5 Nxd5 21. Qxe4+ f5 22. Qxd5 Rad8 0-1

[Event "GER-chT Lands U20"]
[Site "Verden an der Aller"]
[Date "2007.10.01"]
[Round "4.5"]
[White "Gruenter, Martin"]
[Black "Wilhelm, Robin"]
[Result "1-0"]
[WhiteElo "1952"]
[BlackElo "1549"]
[PlyCount "115"]
[EventDate "2007.09.29"]
[EventType "team-swiss"]
[EventRounds "7"]
[EventCountry "GER"]
[SourceTitle "CBM 120 Extra"]
[Source "ChessBase"]
[SourceDate "2007.11.01"]
[SourceVersion "1"]
[SourceVersionDate "2007.11.01"]
[SourceQuality "1"]
[WhiteTeam "Rheinland Pfalz"]
[BlackTeam "Saarland"]
[WhiteTeamCountry "GER"]
[BlackTeamCountry "GER"]

1. e4 c5 2. c3 Nc6 3. d4 cxd4 4. cxd4 e6 5. Nf3 Nf6 6. Nc3 Bb4 7. Bd3 b6 8. 0-0 Bb7 9. a3 Be7 10. Re1 Qc7 11. Bd2 0-0 12. Rc1 a6 13. Bg5 h6 14. Bh4 e5 15. d5 Nd4 16. Nxd4 exd4 17. Ne2 Qd8 18. Bg3 Ne8 19. Nxd4 Bd6 20. Qg4 Bxg3 21. Qxg3 d6 22. Nf5 Qf6 23. Rc2 Bc8 24. Ne3 Bd7 25. Rec1 b5 26. Be2 g6 27. Bg4 Bxg4 28. Nxg4 Qg5 29. f4 Qe7 30. Re1 h5 31. Nf2 Nf6 32. f5 Kh7 33. fxg6+ fxg6 34. Rce2 Nd7 35. Nh3 Ne5 36. Ng5+ Kh6 37. h4 Rf6 38. Ne6 Ng4 39. Qc3 Qa7+ 40. Qd4 Qxd4+ 41. Nxd4 Ne5 42. Rf1 Rxf1+ 43. Kxf1 Rf8+ 44. Kg1 Rf4 45. g3 Rg4 46. Kg2 g5 47. Nf5+ Kg6 48. hxg5 Nc4 49. b3 Nxa3 50. Nxd6 Rxg5 51. Kf3 Kf6 52. Ra2 b4 53. Nb7 Ke5 54. Nd8 Rg6 55. Nc6+ Kd6 56. Nxb4 Kc5 57. Nd3+ Kd4 58. Nf4 1-0

[Event "GER-chT Lands U20"]
[Site "Verden an der Aller"]
[Date "2007.09.30"]
[Round "3.5"]
[White "Wilhelm, Robin"]
[Black "Schreiner, Till"]
[Result "0-1"]
[WhiteElo "1549"]
[BlackElo "2003"]
[PlyCount "39"]
[EventDate "2007.09.29"]
[EventType "team-swiss"]
[EventRounds "7"]
[EventCountry "GER"]
[SourceTitle "CBM 120 Extra"]
[Source "ChessBase"]
[SourceDate "2007.11.01"]
[SourceVersion "1"]
[SourceVersionDate "2007.11.01"]
[SourceQuality "1"]
[WhiteTeam "Saarland"]
[BlackTeam "Niedersachsen II"]
[WhiteTeamCountry "GER"]
[BlackTeamCountry "GER"]

1. e4 c5 2. Nf3 d6 3. Bc4 e6 4. Nc3 Nf6 5. d3 a6 6. a4 Be7 7. Be3 Nc6 8. 0-0 0-0 9. d4 cxd4 10. Nxd4 Qc7 11. Qf3 Ne5 12. Qg3 Qxc4 13. f4 Neg4 14. Rad1 Nxe3 15. Qxe3 Bd7 16. Rf3 e5 17. fxe5 dxe5 18. Nb3 Bg4 19. Rg3 Bxd1 20. Nxd1 0-1

[Event "GER-chT WK 3 U16"]
[Site "Kiel"]
[Date "2007.05.17"]
[Round "3.1"]
[White "Wilhelm, Robin"]
[Black "Dietrich, Stefan"]
[Result "1-0"]
[WhiteElo "1468"]
[BlackElo "1324"]
[PlyCount "58"]
[EventDate "2007.05.17"]
[EventType "team-swiss"]
[EventRounds "7"]
[EventCountry "GER"]
[SourceTitle "EXT 2008"]
[Source "ChessBase"]
[SourceDate "2007.11.25"]
[SourceVersion "1"]
[SourceVersionDate "2007.11.25"]
[SourceQuality "1"]

1. e4 c5 2. Nf3 d6 3. Bc4 Nf6 4. d3 a6 5. Nc3 Nc6 6. Be3 e6 7. d4 cxd4 8. Nxd4 Be7 9. Nxc6 bxc6 10. Qd2 d5 11. exd5 cxd5 12. Bd3 0-0 13. h4 e5 14. f3 d4 15. Ne4 dxe3 16. Qxe3 Nxe4 17. Bxe4 Bxh4+ 18. Ke2 Rb8 19. Rh2 Bg3 20. Rxh7 f5 21. Rah1 fxe4 22. Qxe4 Kf7 23. R1h6 Qb6 24. Rxg7+ Ke8 25. Qa4+ Bd7 26. Rxb6 Rf7 27. Rg8+ Rf8 28. Rxf8+ Kxf8 29. Qb4+ Ke8 1-0

[Event "GER-chT U12"]
[Site "Verden"]
[Date "2005.12.28"]
[Round "4.2"]
[White "May, Julian"]
[Black "Wilhelm, Robin"]
[Result "0-1"]
[WhiteElo "1170"]
[BlackElo "1008"]
[PlyCount "85"]
[EventDate "2005.12.27"]
[EventType "team-swiss"]
[EventRounds "7"]
[EventCountry "GER"]
[SourceTitle "CBM 110 Extra"]
[Source "ChessBase"]
[SourceDate "2006.03.10"]
[SourceVersion "2"]
[SourceVersionDate "2006.03.10"]
[SourceQuality "1"]

1. d4 d5 2. c4 e6 3. Nc3 Nf6 4. Nf3 Bb4 5. Bd2 Nc6 6. e3 0-0 7. Bd3 a6 8. 0-0 dxc4 9. Bxc4 b5 10. Bd3 Qd6 11. Qc2 e5 12. dxe5 Nxe5 13. Nxe5 Qxe5 14. a3 Bd6 15. f4 Qh5 16. Rf3 Be7 17. Be2 Qh6 18. Raf1 Ng4 19. h3 Nf6 20. e4 Bb7 21. f5 Bc5+ 22. Kh1 Qh4 23. Rf4 Qg3 24. R1f3 Qg5 25. Rf1 Rad8 26. Bc1 Nh5 27. Bxh5 Qxh5 28. Rg4 Rd6 29. Rf3 f6 30. Rfg3 Qf7 31. Bh6 Qc4 32. Rxg7+ Kh8 33. Qb1 Rfd8 34. Rxc7 Bxe4 35. Qe1 a5 36. Bg7+ Kg8 37. Bxf6+ Kf8 38. Bxd8 Rxd8 39. Rxc5 Qxc5 40. Qxe4 b4 41. axb4 axb4 42. Na2 Rd1+ 43. Kh2 0-1

[Event "Saarland-ch C"]
[Site "Saarlouis Steinrausch"]
[Date "2005.03.25"]
[Round "8"]
[White "Hagnere, Cedric"]
[Black "Wilhelm, Robin"]
[Result "1-0"]
[WhiteElo "1220"]
[BlackElo "1111"]
[PlyCount "95"]
[EventDate "2005.03.18"]
[EventType "swiss"]
[EventRounds "9"]
[EventCountry "GER"]
[SourceTitle "EXT 2012"]
[Source "ChessBase"]
[SourceDate "2011.11.24"]
[SourceVersion "1"]
[SourceVersionDate "2011.11.24"]
[SourceQuality "1"]

1. e4 d5 2. exd5 Qxd5 3. Nf3 Bg4 4. Nc3 Qd8 5. Be2 e6 6. h3 Bf5 7. d4 Bd6 8. Be3 Nf6 9. Bd3 0-0 10. Bxf5 exf5 11. Qd2 Re8 12. 0-0 c6 13. Bf4 Bxf4 14. Qxf4 g6 15. Rfe1 Rxe1+ 16. Rxe1 Nd5 17. Nxd5 Qxd5 18. Re8+ Kg7 19. Rxb8 Rxb8 20. Qxb8 Qxa2 21. Qxb7 Qa4 22. c3 Qb5 23. Qxb5 cxb5 24. Kf1 Kf6 25. Ke2 Ke6 26. Kd3 Kd5 27. Ng5 h5 28. Nxf7 Kc6 29. Ne5+ Kb6 30. Nxg6 Ka5 31. b4+ Ka4 32. Kc2 a5 33. bxa5 Kxa5 34. f3 b4 35. cxb4+ Kxb4 36. g4 hxg4 37. hxg4 fxg4 38. fxg4 Kc4 39. Nh4 Kxd4 40. g5 Ke5 41. g6 Kf6 42. Kd3 Kg7 43. Ke4 Kh6 44. Kf5 Kg7 45. Kg5 Kf8 46. Kh6 Kg8 47. Nf5 Kf8 48. Kh7 1-0